Passive aeroelastic tailoring : final report /

Bibliographic Details
Main Author: Smith, Benjamin (Author)
Format: Government Document eBook
Language:English
Published: Hampton, Virginia : National Aeronautics and Space Administration, Langley Research Center, February 2020.
Series:NASA contractor report ; 2020-220425.
Subjects:
Online Access:https://purl.fdlp.gov/GPO/gpo132850

MARC

Tag First Indicator Second Indicator Subfields
LEADER 00000nam a2200000Ii 4500
001 in00004094213
005 20200408082023.0
006 m o d f
007 cr |||||||||||
008 200302e202002 vaua obt f000 0 eng d
035 |a (OCoLC)on1142633359 
040 |a GPO  |b eng  |e rda  |e pn  |c GPO  |d MvI 
049 |a WWW 
074 |a 0830-H-14 (online) 
086 0 |a NAS 1.26:2020-220425 
100 1 |a Smith, Benjamin,  |e author. 
245 1 0 |a Passive aeroelastic tailoring :  |b final report /  |c Benjamin Smith [and six others]. 
264 1 |a Hampton, Virginia :  |b National Aeronautics and Space Administration, Langley Research Center,  |c February 2020. 
300 |a 1 online resource (various pagings) :  |b color illustrations. 
336 |a text  |b txt  |2 rdacontent 
337 |a computer  |b c  |2 rdamedia 
338 |a online resource  |b cr  |2 rdacarrier 
490 1 |a NASA/CR ;  |v 2020-220425 
500 |a "February 2020." 
504 |a Includes bibliographical references (pages 41-43). 
513 |a Contractor report. 
536 |a Langley Research Center  |h 432938.11.01.07.43.40.08 
588 |a Description based on online resource, PDF version; title from title page (NASA, viewed on Mar. 2, 2020). 
650 7 |a High aspect ratio.  |2 nasat 
650 7 |a Additive manufacturing.  |2 nasat 
650 7 |a Aircraft design.  |2 nasat 
650 7 |a Slender wings.  |2 nasat 
650 7 |a Steering.  |2 nasat 
710 2 |a Langley Research Center,  |e issuing body. 
830 0 |a NASA contractor report ;  |v 2020-220425. 
856 4 0 |u https://purl.fdlp.gov/GPO/gpo132850  |t 0 
999 f f |s 62d693a8-02f2-3c86-94f6-c350c7c43e77  |i 1487e385-e3eb-3fe7-8223-762ff5ba2a9e  |t 0 
952 f f |a Texas A&M University  |b College Station  |c Electronic Resources  |d Available Online  |t 0  |e NAS 1.26:2020-220425  |h Superintendent of Documents classification 
998 f f |a NAS 1.26:2020-220425  |t 0  |l Available Online